| 000 | 00646nam a2200205 a 4500 | ||
|---|---|---|---|
| 005 | 20240925064244.0 | ||
| 008 | 991125s1986 bue 000 0 spa u | ||
| 020 | _a9506180415 | ||
| 035 | _aUPN01000046482 | ||
| 049 | _aCG | ||
| 050 | 4 |
_aBF721 _bK4.68 1986 |
|
| 100 | 1 | _aKlein, Melanie | |
| 245 | 1 | 0 |
_aPrincipios del análisis infantil : _bcontribuciones al psicoanálisis / _cMelanie Klein ; tr. Hebe Friedenthal. |
| 260 |
_aBuenos Aires : _bHormé, _c1986. |
||
| 300 | _a171 p. | ||
| 440 | 0 |
_aPsicología de hoy. _pBreviarios psicoanalíticos ; _v10 |
|
| 650 | 4 |
_aNiño, Estudio del _9221 |
|
| 650 | 4 |
_aPsicoanálisis _91572 |
|
| 905 | _aLibro | ||
| 999 |
_c46482 _d46482 |
||